000 01450nam a2200253Ia 4500
999 _c43706
_d43706
001 10447
003 GE_BSU
005 20240614120644.0
008 181216s2014||||ge |||||||||||||| ||geo||
020 _a9789941064524
040 _cGE_BSU
041 _ageo
080 _a821.353.1.09–91 დ–40
100 _aდეკანოზიშვილი, ქეთევან
_922437
245 _aსიკეთის ესთეტიკა :
_bლიტერატურულ–ფოლკლორისტული ნარკვევები /
_cქეთევან დეკანოზიშვილი ; სამეცნ. რედ. თინა შიოშვილი ; რეზ. თარგმანი ნათია ჭიღვარია.
264 _aქუთაისი :
_bსაგამომცემლო ცენტრი.შპს "ხომლიენის" სტამბა,
_c2014.
300 _a343 გვ. ;
_c21 სმ.
520 _aრეზიუმე ინგლისურ ენაზე
653 _aლიტერატურულ–ფოლკლორისტული ნარკვევები
653 _aსიკეთის ესთეტიკა
700 _aშიოშვილი, თინა
_eრედაქტორი
_922438
700 _aჭიღვარია, ნათია
_eმთარგმნელი
_922439
942 _cBK
_2udc